| 000 | 01121nam a22003970a 4500 | ||
|---|---|---|---|
| 001 | PT60897 | ||
| 003 | AR-LpoUNG | ||
| 005 | 20210131232016.0 | ||
| 008 | 191001s2009||||ag |||||||||||||||||spa d | ||
| 020 |
_a9789871231195 _c$7.50 |
||
| 040 |
_aAR-LpoUNG _bspa _cAR-LpoUNG _eaacr |
||
| 041 | _aspa | ||
| 044 | _aag | ||
| 082 | 0 | _a982.065 211naz | |
| 100 | 1 | _aPaoletti, Alipio E. | |
| 245 | 1 | 0 |
_aComo los nazis, como en Vietnam : _blos campos de concentración en la Argentina |
| 250 | _a2da. ed. | ||
| 260 |
_aBuenos Aires : _bMadres de Plaza de Mayo, _c2009. |
||
| 300 |
_a342 p. : _btbls., gráfs., fot. |
||
| 650 | 4 | _aANALISIS HISTORICO | |
| 650 | 4 | _aARGENTINA | |
| 650 | 4 | _aCAMPOS DE CONCENTRACION | |
| 650 | 4 | _aDERECHOS CIVILES | |
| 650 | 4 | _aDERECHOS HUMANOS | |
| 650 | 4 | _aDICTADURA | |
| 650 | 4 | _aGOBIERNO MILITAR | |
| 650 | 4 | _aHISTORIA POLITICA | |
| 650 | 4 | _aTORTURA | |
| 653 | _aCENTROS CLANDESTINOS DE DETENCION | ||
| 653 | _aDESAPARECIDOS | ||
| 653 | _aMEMORIA COLECTIVA | ||
| 653 | _aTERRORISMO DE ESTADO | ||
| 700 | 1 |
_aBayer, Osvaldo _epról. |
|
| 905 | _a60897 | ||
| 942 | _cLIB | ||
| 999 |
_c13194 _d13194 |
||